| 000 | 00637nam a2200181 i 4500 | ||
|---|---|---|---|
| 001 | 42604 | ||
| 003 | ES-MaACL | ||
| 005 | 20250831120725.0 | ||
| 008 | 030313s1935 sp |||| | spa d | ||
| 100 | 1 |
_aCastrillo Santos, Juan. _936822 |
|
| 245 | 1 | 0 |
_aAnte el drama de la reforma constitucional / _cJuan Castrillo Santos. |
| 260 |
_aMadrid : _bLib. Bergua, _c1935. |
||
| 300 |
_a236 p. ; _c19 cm. |
||
| 650 | 7 |
_aReforma constitucional- _zEspaña _2 _9138447 |
|
| 651 | 4 |
_aEspaña- _xHistoria- _y1931-1939, II República. _98283 |
|
| 852 | 1 |
_aBA _jA-4032 _z. - Dedicatoria autógrafa del autor al Ateneo de Madrid |
|
| 999 |
_c42604 _d42604 |
||